Southville International School and Colleges
Your cart is empty.
  • Cart
  • Lists
    Public lists list_1 View all
    Your lists Log in to create your own lists
  • Log in to your account
  • Your cookies
  • Search history
Southville International School and Colleges
  • Advanced search
  • Recent comments
  • Most popular
  • Libraries

Log in to your account

Log in with GOOGLE


If you do not have an external account, but do have a local account, you can still log in:

  1. Home
  2. MARC view: Measurement and evaluation /
Normal view MARC view ISBD view

Measurement and evaluation / (Record no. 288177)

[ view plain ]
MARC details
000 -LEADER
fixed length control field 00522nam a2200157Ia 4500
008 - FIXED-LENGTH DATA ELEMENTS--GENERAL INFORMATION
fixed length control field 150610s9999 xx 000 0 und d
020 ## - INTERNATIONAL STANDARD BOOK NUMBER
International Standard Book Number 971086419X
050 ## - LIBRARY OF CONGRESS CALL NUMBER
Classification number LB3051
Item number .C34 2004   
100 ## - MAIN ENTRY--PERSONAL NAME
Personal name Calmorin, Laurentina Paler.
245 ## - TITLE STATEMENT
Title Measurement and evaluation /
Statement of responsibility, etc Laurentina P. Calmorin.
250 ## - EDITION STATEMENT
Edition statement 3rd. ed.
260 ## - PUBLICATION, DISTRIBUTION, ETC. (IMPRINT)
Place of publication, distribution, etc Mandaluyong City :
Name of publisher, distributor, etc National Book Store,
Date of publication, distribution, etc 2004.
300 ## - PHYSICAL DESCRIPTION
Extent 328pages :
Other physical details illustrations ;
Dimensions 23 cm.
504 ## - BIBLIOGRAPHY, ETC. NOTE
Bibliography, etc Includes glossary.
520 ## - SUMMARY, ETC.
Summary, etc Educational tests and measurements.
Holdings
Withdrawn status Lost status Damaged status Home library Current library Shelving location Date acquired Total Checkouts Full call number Barcode Date last seen Price effective from Koha item type
      Stonyhurst Southville International School (Batangas) Stonyhurst Southville International School (Batangas)   06/10/2015   LB3051 .C34 2004    US-1322 06/10/2015 06/10/2015 Books

Measurement and evaluation /

APA

Calmorin L. P., . (2004). Measurement and evaluation. Mandaluyong City: National Book Store.

Chicago

Calmorin Laurentina Paler, . 2004. Measurement and evaluation. Mandaluyong City: National Book Store.

Harvard

Calmorin L. P., . (2004). Measurement and evaluation. Mandaluyong City: National Book Store.

MLA

Calmorin Laurentina Paler, . Measurement and evaluation. Mandaluyong City: National Book Store. 2004.

  • Place hold
  • Print
  • Cite
  • Add to your cart (remove)
  • Save record
    BIBTEX Dublin Core MARCXML MARC (non-Unicode/MARC-8) MARC (Unicode/UTF-8) MARC (Unicode/UTF-8, Standard) MODS (XML) RIS
  • More searches
    Search for this title in:
    Other Libraries (WorldCat) Other Databases (Google Scholar) Online Stores (Bookfinder.com) Open Library (openlibrary.org)

Exporting to Dublin Core...

SOUTHVILLE LIBRARY

Southville International School and Colleges Library

1281 Tropical Ave. Cor. Luxembourg St., BF Homes International, Las Pinas City

Tel. No. 8256374 / 252358 Loc. 117/146

Powered by Koha